000 01185naa a2200301 c 4500
001 41456
003 ES-MaCES
005 20150724120123.0
008 110318n2010 sp t 000 | spa d
035 _aCES20110003485v
040 _aES-MaCES
_bspa
_cES-MaCES
100 1 _aGorelli Hernández, Juan
_913963
245 1 0 _aFlexibilidad interna y reorganización de la actividad productiva en la reforma laboral de 2010
_cJuan Gorelli Hernández
610 1 4 _aEspaña
_tLey de medidas urgentes para la reforma del mercado de trabajo
_d2010
_92998
650 4 _aprocedimiento laboral
_930887
650 4 _arégimen jurídico
_929894
650 4 _alegislación del trabajo
_927166
650 4 _aconvenio colectivo
_928361
650 4 _adescuelgue salarial
_931527
650 4 _asuspensión del contrato de trabajo
_930703
650 4 _atrabajador
_928414
653 1 0 _aJurisprudencia
650 4 _929516
_areducción de la duración del trabajo
773 0 _tActualidad laboral
_gn. 4 (2ª quinc. feb. 2011){10002 R. 078750}; p. 404-421
_w(ES-MaCES)25022
_929328
902 _aART Artículo de revista
942 _2CES
_cAR
_h6.2.
999 _c41456
_d41456